00510cam a2200181ua 450000500170000000800390001702000180005604000090007404100080008308200170009124500470010825000120015526000580016730000100022565000360023565300260027170000310029720240530095734.0170228n ii |||gr||||Z||||||mul a9788192178615 cMAIN dasm a891.451bKIA aKia mo lu po/cEdited by Ali Akbar Hussain a1st ed. aGuwahati:bAssam College Teachers Association,c2016. a375p. aArticles on Assamese literature aMultilingual articles aHussain, Ali AkbareEditor